000 00769nam a22002537a 4500
001 75826
003 UA-OsUOA
005 20220905104319.0
007 ta
008 20110601b un ||||| |||| 00| 0 ukr d
020 _a9789661658300
040 _aUA-OsUOA
_brus
_cUA-OsUOA
_dUA-OsUOA
041 _arus
080 _a94(477-62-21)
090 _a94(477-62-21)
_bХ22
245 _aХарцызск: время, события, люди
260 _aК.
_bКрион
_c2009
300 _a792 с.
505 _gТ. 1
_tС древнейших времен по 1953 год
650 7 _a9 Географія. Біографії. Історія
_2UDC
942 _cBK
_2udc
955 _a2
999 _c362123
_d362123